000
00217nam a2200097Ia 4500
005
20251222114414.0
008
251222s1900||||xx |||||||||||||| ||spa||
082
_a
DVD0070/L85T/2005
245
0
_a
Tinta Roja:
942
_c
DVD
999
_c
2166
_d
2166